All We Imagine as Light = Prabhayaay Ninachathellam /

保存先:
書誌詳細
第一著者: Kapadia, Payal (realización)
その他の著者: Kapadia, Payal (guión) (guión), Das, Ranabir (fotógrafo) (fotógrafo), Basu, Maxima (vestuario) (vestuario), Pinteaux, Clément (montaje) (montaje), Topshe (música) (música), Kusruti, Kani (actuación) (actuación), Prabha, Divya (actuación) (actuación), Kadam, Chhaya (actuación) (actuación), Rowin, Michael Joshua (texto del folleto) (texto del folleto)
フォーマット: スライド
出版事項: India : Petit Chaos : Chalk and Cheese Films : BALDR Film, 2024, c2024
シリーズ:(Janus Contemporaries ; 19)
主題:
タグ: タグ追加
タグなし, このレコードへの初めてのタグを付けませんか!

MARC

LEADER 00000ngm^a2200000^a^4500
001 000623041
005 20251021000000.0
009 20260310133930.794
020 |a 979-8-88607-305-8 
037 |a Acervo ITESO - Biblioteca 
041 |a OTR 
082 |a 808. 8  |b CRI JCO V. 19 
100 |a Kapadia, Payal  |e (realización) 
240 1 4 |a [La luz que imaginamos] 
245 1 0 |a All We Imagine as Light =  |b Prabhayaay Ninachathellam /  |c Realización de P. Kapadia. 
246 2 |a Título en México: La luz que imaginamos 
264 4 |a India :  |b Petit Chaos :  |b Chalk and Cheese Films :  |b BALDR Film,  |c 2024, c2024 
264 2 |a Nueva York, EUA :  |b Criterion Collection [distribución],  |c 2025, c2025 
300 |a 1 blu-ray región A (118, 18 min.) :  |b color +  |e 1 folleto (4 p.) 
336 |a imagen móvil bidimensional  |b tdi  |2 rdacontenido 
337 |a video  |b v  |2 rdamedio 
338 |a videodisco  |b vd  |2 rdasoporte 
440 1 |a (Janus Contemporaries ;  |v 19) 
546 |a En hindi y malabar, con subtítulos opcionales: inglés 
649 |a XX 
650 |a Cineastas Hindúes -  |x Entrevistas 
650 |a Enfermeros en el Cine 
650 |a Mujeres en el Cine 
650 |a Mujeres -  |z India -  |x Condiciones Sociales y Culturales -  |x Tema Principal 
650 |a Dramas Cinematográficos 
650 |a Cine Independiente -  |z India 
650 |a Cine de Mujeres -  |z India 
650 |a Cine Hindú -  |y 2020-2029 
650 |a Cine Hindú -  |y Siglo XXI 
650 |a Cine Hindú -  |x Historia y Crítica 
650 |a Generación (Ciencias Sociales) 
650 |a Interacción Social 
650 |a Deserción y Abandono 
650 |a Intimidad 
650 |a Matrimonio -  |z India -  |x Aspectos Sociales y Culturales 
650 |a Relaciones de Pareja -  |z India -  |x Aspctos Sociales y Culturales 
650 |a Kapadia, Payal 
700 |a Kapadia, Payal  |e (guión) 
700 |a Das, Ranabir  |e (fotógrafo) 
700 |a Basu, Maxima  |e (vestuario) 
700 |a Pinteaux, Clément  |e (montaje) 
700 |a Topshe  |e (música) 
700 |a Kusruti, Kani  |e (actuación) 
700 |a Prabha, Divya  |e (actuación) 
700 |a Kadam, Chhaya  |e (actuación) 
700 |a Rowin, Michael Joshua  |e (texto del folleto) 
740 0 |a All We Imagine as Light :  |b Luminous Hopes /  |c Texto del folleto de M.J. Rowin. 
910 |a Fondo General 
920 |a Audiovisuales - Blu-rays 
940 |a Películas 
905 |a 309 
901 |a 623041-10  |b IT2  |c BRR  |i C190712  |u 20251021 
901 |a 623041-20  |b IT2  |c MIN  |i C190713  |u 20251021 
902 |a https://opac.biblio.iteso.mx/vufind/Record/000623041